000 004220000a22001810004500
003 MACL
005 20150802180252.0
008 150802b xxu||||| |||| 00| 0 eng d
040 _aMACL
_cMACL
041 _aEnglish
082 _a380/VER
100 _aVerma, Sandeep
_94520
245 _aE-Commerce
260 _bAavishkar Publishers
_c2005
_aJaipur
350 _a500
650 _aCommerce
_94521
942 _cBK
_k380
_2ddc
999 _c8691
_d8691